Nutrition Essentials & Diet Therapy (Record no. 1490)

MARC details
000 -LEADER
Fixed length control field 00537nam a2200205Ia 4500
003 - CONTROL NUMBER IDENTIFIER
Control field IIN
005 - DATE AND TIME OF LATEST TRANSACTION
Control field 20240125130919.0
008 - FIXED-LENGTH DATA ELEMENTS--GENERAL INFORMATION
Fixed length control field 231217s9999 xx 000 0 und d
020 ## - INTERNATIONAL STANDARD BOOK NUMBER / ISBN
Price Rs.2495.00
International Standard Book Number 9780721695327
040 ## - CATALOGING SOURCE
Original cataloging agency IIN
Language of cataloging English
082 ## - DEWEY DECIMAL CLASSIFICATION NUMBER
Classification number 613.2
Book Number PEC
100 1# - MAIN ENTRY--PERSONAL NAME
Personal name Peckenpaugh, Nancy J.
245 1# - TITLE STATEMENT
Title Nutrition Essentials & Diet Therapy
Statement of responsibility Nancy J. Peckenpaugh
250 ## - EDITION STATEMENT
Edition statement 9th ed
260 ## - IMPRINT
Name of publisher Saunders
Place of publication Missouri
Date of publication 2003
300 ## - PHYSICAL DESCRIPTION
Page / Vol. No xvi, 665p.
650 1# - SUBJECT ADDED ENTRY--TOPICAL TERM
Topical term Nutrition
650 1# - SUBJECT ADDED ENTRY--TOPICAL TERM
Topical term Diet Therapy
942 ## - ADDED ENTRY ELEMENTS (KOHA)
Koha item type Books
Holdings
Withdrawn status Lost status Damaged status Not for loan Collection code Home library Current library Date acquired Price Total Checkouts Call number Accession number Date last seen Price effective from Koha item type
          IDEAL INSTITUTE OF NURSING IDEAL INSTITUTE OF NURSING 17/12/2023 2495.00   613.2 PEC 1484 17/12/2023 17/12/2023 Books
          IDEAL INSTITUTE OF NURSING IDEAL INSTITUTE OF NURSING 17/12/2023 2495.00   613.2 PEC 1485 17/12/2023 17/12/2023 Books
          IDEAL INSTITUTE OF NURSING IDEAL INSTITUTE OF NURSING 17/12/2023 2495.00   613.2 PEC 1486 17/12/2023 17/12/2023 Books
© Ideal Institute Of Nursing, All rights reserved.         Powered by Koha